00465nam a2200157Ia 4500008004100000020001800041082001600059100001900075245004900094250000800143260004200151300002400193500001900217600002100236650005000257240925s9999 xx 000 0 und d a9789332518667 a005.453 AHO aAho, Alfrad V. 0aCompilers: Principles, Techniques, and Tools a2nd aNew Delhi:bPearson Educationc,2014. a1092p.b0fOriginal aIncludes Index aComputer Science aComputer science, information & general works